[Event "Rail 4 countries 19th"]
[Site "Eindhoven"]
[Date "2002.06.08"]
[Round "2.2"]
[White "Van Rooijen, Rene"]
[Black "Kugelmann, Werner"]
[Result "0-1"]
[WhiteElo "1901"]
[BlackElo "2156"]
[PlyCount "38"]
[EventDate "2002.06.07"]
[EventType "team-tourn"]
[EventRounds "3"]
[EventCountry "NED"]
[SourceTitle "EXT 2004"]
[Source "ChessBase"]
[SourceDate "2003.11.25"]
[SourceVersion "1"]
[SourceVersionDate "2003.11.25"]
[SourceQuality "1"]

1. e4 e5 2. Nf3 Nc6 3. Bb5 f5 4. d4 fxe4 5. Bxc6 dxc6 6. Nxe5 Nf6 7. 0-0 Bd6 8. h3 Qe7 9. Nc4 Be6 10. Ne3 0-0-0 11. c4 Be5 12. d5 cxd5 13. cxd5 Nxd5 14. Qa4 Nxe3 15. fxe3 Rhf8 16. Nd2 Kb8 17. Rxf8 Rxf8 18. Qxe4 Bd7 19. Nf3 Bh2+ 0-1

[Event "Rail 4 countries 19th"]
[Site "Eindhoven"]
[Date "2002.06.07"]
[Round "1.2"]
[White "Muzik, Martin"]
[Black "Van Rooijen, Rene"]
[Result "1/2-1/2"]
[WhiteElo "2251"]
[BlackElo "1901"]
[PlyCount "76"]
[EventDate "2002.06.07"]
[EventType "team-tourn"]
[EventRounds "3"]
[EventCountry "NED"]
[SourceTitle "EXT 2004"]
[Source "ChessBase"]
[SourceDate "2003.11.25"]
[SourceVersion "1"]
[SourceVersionDate "2003.11.25"]
[SourceQuality "1"]

1. e4 Nf6 2. e5 Nd5 3. d4 d6 4. Nf3 dxe5 5. Nxe5 g6 6. Bc4 c6 7. 0-0 Bg7 8. Nd2 0-0 9. Ndf3 Nd7 10. Qe2 Nxe5 11. dxe5 Bg4 12. Rd1 Bxf3 13. gxf3 e6 14. Bb3 Qc7 15. c4 Nb6 16. f4 Rad8 17. Be3 Nc8 18. Bc2 b6 19. b4 Rxd1+ 20. Rxd1 Rd8 21. Be4 Rxd1+ 22. Qxd1 Bf8 23. a3 Be7 24. Qa4 c5 25. Qe8+ Kg7 26. b5 Qd8 27. Qxd8 Bxd8 28. Kf1 h6 29. Ke2 Ne7 30. a4 Ng8 31. a5 Be7 32. a6 h5 33. Kf3 Nh6 34. h3 Ng8 35. Ke2 Kf8 36. Kf3 Kg7 37. Ke2 Nh6 38. Kf3 Ng8 1/2-1/2

[Event "VCN SchaakFestival"]
[Site "Soest"]
[Date "1999.05.15"]
[Round "3"]
[White "Erwich, Frank"]
[Black "Van Rooijen, Rene"]
[Result "1-0"]
[WhiteElo "2258"]
[BlackElo "1763"]
[PlyCount "121"]
[EventDate "1999.05.14"]
[EventType "swiss"]
[EventRounds "7"]
[EventCountry "NED"]
[SourceTitle "EXT 2000"]
[Source "ChessBase"]
[SourceDate "1999.11.16"]
[SourceVersion "1"]
[SourceVersionDate "1999.11.16"]
[SourceQuality "1"]

1. e4 Nf6 2. e5 Nd5 3. c4 Nb6 4. c5 Nd5 5. Bc4 e6 6. Nc3 Nxc3 7. dxc3 Nc6 8. Bf4 Bxc5 9. Qg4 g5 10. Bxg5 Rg8 11. Bxd8 Rxg4 12. Be2 Rxg2 13. Bxc7 a5 14. Nh3 b6 15. Bf3 Rg7 16. 0-0-0 Ra7 17. Bxc6 Rxc7 18. Be4 Bb7 19. Bxb7 Rxb7 20. Rhg1 Rg6 21. Rxg6 hxg6 22. Kc2 Rb8 23. Ng5 Be7 24. Ne4 Rd8 25. a4 Kf8 26. Kb3 Ke8 27. Kc4 Rc8+ 28. Kb5 Rc6 29. b4 axb4 30. cxb4 Kd8 31. Nd2 Bh4 32. Nc4 Kc7 33. Rd4 Bxf2 34. Rf4 Bg1 35. h3 Bh2 36. Rxf7 g5 37. Rg7 Bf4 38. a5 bxa5 39. bxa5 Kd8 40. a6 Rc7 41. Rg8+ Ke7 42. Rb8 d5 43. exd6+ Bxd6 44. Nxd6 Kxd6 45. Rd8+ Ke7 46. Rh8 Kd6 47. Rd8+ Ke7 48. Rd3 Rc1 49. Ra3 Rb1+ 50. Ka5 Rb8 51. a7 Ra8 52. Kb6 Kf6 53. Kb7 Rxa7+ 54. Kxa7 Kf5 55. Kb6 e5 56. Kc5 Ke4 57. Kc4 Kf4 58. Kd5 e4 59. Ra4 Kg3 60. Kxe4 Kxh3 61. Kf5 1-0

[Event "VCN SchaakFestival"]
[Site "Soest"]
[Date "1999.05.14"]
[Round "2"]
[White "Van Rooijen, Rene"]
[Black "Van Schajik, Nico"]
[Result "1-0"]
[WhiteElo "1763"]
[BlackElo "1314"]
[PlyCount "99"]
[EventDate "1999.05.14"]
[EventType "swiss"]
[EventRounds "7"]
[EventCountry "NED"]
[SourceTitle "EXT 2000"]
[Source "ChessBase"]
[SourceDate "1999.11.16"]
[SourceVersion "1"]
[SourceVersionDate "1999.11.16"]
[SourceQuality "1"]

1. e4 e5 2. Nf3 d6 3. Bc4 f6 4. d4 Nc6 5. d5 Nce7 6. h3 Bd7 7. Nc3 c6 8. dxc6 Nxc6 9. 0-0 a6 10. Qd5 Qe7 11. a3 Nd8 12. b4 Be6 13. Qd3 Rc8 14. Bd5 Qc7 15. Bb2 Ne7 16. Rac1 Ng6 17. Bxe6 Nf4 18. Bd7+ Qxd7 19. Qe3 g5 20. Nd5 Qf7 21. Nxf4 gxf4 22. Qb3 Qg7 23. Nh4 Rc7 24. Qf3 Rg8 25. Nf5 Qd7 26. Rfd1 Ne6 27. c4 Ng5 28. Qh5+ Rg6 29. f3 Kd8 30. Kh2 Kc8 31. c5 Kb8 32. Nxd6 Bxd6 33. Rxd6 Qa4 34. Rc3 Qb5 35. Rd2 Rcg7 36. Qh4 Ne6 37. Qe1 Qe8 38. Qf1 Rh6 39. Rcd3 Rhg6 40. Rd6 Qg8 41. a4 Rg5 42. b5 axb5 43. axb5 Nd4 44. Bxd4 exd4 45. R6xd4 Rxc5 46. Rd8+ Kc7 47. Rxg8 Rxg8 48. Qd3 Rcg5 49. Qd6+ Kc8 50. Rc2+ 1-0